Katalóg európskych noriem 1991

Saved in:
Bibliographic Details
Other Authors: Szabo, Štefan, Stellerová, Darina
Format: Book
Language:Slovak
English
German
Published: Bratislava Slovenská technická knižnica 1992
Edition:1. vyd.
Tags: Add Tag
No Tags, Be the first to tag this record!

MARC

LEADER 00000nam a2200000 4500
001 c001705
005 20221214091809.8
020 |a 80-85165-28-7 
041 0 |a slo 
041 0 |a eng 
041 0 |a ger 
044 |a SK 
245 1 0 |a Katalóg európskych noriem 1991  |c Hl. zost. Štefan Szabo, Darina Stellerová 
250 |a 1. vyd. 
264 1 |a Bratislava  |b Slovenská technická knižnica  |c 1992 
300 |a 161 s. 
700 1 |a Szabo, Štefan 
700 1 |a Stellerová, Darina